Jednoduché účtovníctvo pre podnikateľov platiteľov dane z pridanej hodnoty
Enregistré dans:
| Auteur principal: | |
|---|---|
| Format: | Livre |
| Langue: | slovaque |
| Publié: |
Bratislava
Letra a Line
1993
|
| Édition: | 1. vyd. |
| Sujets: | |
| Tags: |
Pas de tags, Soyez le premier à ajouter un tag!
|
MARC
| LEADER | 00000nam a2200000 4500 | ||
|---|---|---|---|
| 001 | c004516 | ||
| 005 | 20221214082305.0 | ||
| 020 | |a 80-85513-08-0 | ||
| 041 | 0 | |a slo | |
| 044 | |a SK | ||
| 245 | 1 | 0 | |a Jednoduché účtovníctvo pre podnikateľov platiteľov dane z pridanej hodnoty |c Dušan Malina a kol. |
| 250 | |a 1. vyd. | ||
| 264 | 1 | |a Bratislava |b Letra a Line |c 1993 | |
| 300 | |a 63 s. |e 6 príl. | ||
| 610 | 2 | 0 | |a účtovníctvo jednoduché |
| 610 | 2 | 0 | |a dane z hodnoty pridanej |
| 610 | 2 | 0 | |a podnikatelia |
| 610 | 2 | 0 | |a legislatíva |
| 610 | 2 | 0 | |a priznania daňové |
| 610 | 2 | 0 | |a denníky účtovné |
| 610 | 2 | 0 | |a knihy účtovné |
| 610 | 2 | 0 | |a pohľadávky |
| 610 | 2 | 0 | |a záväzky |
| 610 | 2 | 0 | |a inventarizácia |
| 610 | 2 | 0 | |a evidencia účtovná |
| 610 | 2 | 0 | |a výkazy účtovné |
| 610 | 2 | 0 | |a metodika |
| 610 | 2 | 0 | |a doklady účtovné |
| 610 | 2 | 0 | |a legislatíva |
| 610 | 2 | 0 | |a Slovensko |
| 610 | 2 | 0 | |a zákony |
| 100 | 1 | |a Malina, Dušan | |